| 000 | 00712nam a2200229 a 4500 | ||
|---|---|---|---|
| 001 | BRCA_5186 | ||
| 005 | 20190320204956.0 | ||
| 008 | 261110s1965----gw-a######---#000-0#fre-# | ||
| 041 | _afre | ||
| 044 | _agw | ||
| 050 | 4 |
_aNK5103 _b.S28 1965 |
|
| 100 | 1 |
_aSavage, George _910876 |
|
| 245 | 1 | 0 |
_aL´Art du Verre _cGeorge Savage ; texte francais de Jeanine Carlander. |
| 260 |
_aAlemania _bHachette _cc1965 |
||
| 300 |
_a128 p. _bil. (algunas a color), 141 láminas _c22 cm. |
||
| 440 | 0 |
_aPlaisir des images _913267 |
|
| 500 | _aDonación Dr. Héctor Rivero Borrell Vázquez | ||
| 650 | 1 | 4 |
_aArte en vidrio _vCatálogos _zFrancia _913268 |
| 700 | 1 |
_aCarlander, Jeanine _913269 |
|
| 902 | _aDHR | ||
| 942 |
_2lcc _cB |
||
| 999 |
_c4880 _d4880 |
||